000 01130cam a2200337 a 4500
003 OSt
005 20140310184237.0
008 991213s2000 nyu c 000 1 eng
010 _a 99089899
020 _a0439469988
040 _aDLC
_cDLC
_dDLC
042 _alcac
050 0 0 _aPZ 7
_b.H67562St 2002
100 1 _aHoffman, Mary,
_d1945-
_929546
245 1 0 _aStarring Grace /
_cMary Hoffman ; pictures by Caroline Binch.
250 _a1st ed.
260 _aNew York :
_bPhyllis Fogelman Books,
_c2002.
300 _a95 p. :
_bill. ;
_c25 cm.
521 _aG3
526 _c550
650 1 _aFriendship
_vFiction.
_929547
650 1 _aAfrican Americans
_vFiction.
_929548
650 1 _aPlay
_vFiction.
_929549
650 1 _aGrandmothers
_vFiction.
_929550
650 1 _aSummer
_vFiction.
_929551
700 1 _aBinch, Caroline,
_eill.
_929552
906 _a7
_bcbc
_corignew
_d1
_eocip
_f19
_gy-gencatlg
942 _2lcc
_cBK-SCHOLAS
999 _c33212
_d33212